00529nam a2200193Ia 4500008004100000020002100041050001700062050001400079245004900093245003700142260001700179260002200196260000900218300001600227300001100243300001200254500004100266650002800307160517s9999 xx 000 0 und d a978-97193666-3-8 aComSc T 58.5 b.B37 2007 aBasic foundation of information technology / cGisela May. A. Albano… [et al] aPasig City : bUnlad Pub. House, c2007 a320 pages : bill. ; c25 cm.  aIncludes bibliographical references. aInformation technology.